Loading...
Science - Other Science | 0 | 2 | 0 | 0 | 20 | 64 | 75.00 | 1 | 2 |
Philosophy | 0 | 2 | 1 | 2 | 15 | 122 | 128.50 | 0 | 1 |
Social Science | 0 | 1 | 0 | 1 | 10 | 120 | 120.00 | 0 | 1 |
Literature - World Literature | 0 | 1 | 0 | 1 | 10 | 144 | 144.00 | 0 | 0 |
Religion | 0 | 1 | 0 | 0 | 10 | 72 | 72.00 | 1 | 1 |
History - Other History | 0 | 1 | 1 | 0 | 5 | 82 | 82.00 | 0 | 1 |
Science - Chemistry | 0 | 0 | 0 | 0 | 0 | 0.00 | 0 | 0 | |
Other Academic | 0 | 0 | 1 | 0 | -5 | 0.00 | 0 | 0 | |
History - World History | 0 | 0 | 1 | 0 | -5 | 0.00 | 0 | 0 | |
Geography | 0 | 0 | 1 | 0 | -5 | 0.00 | 0 | 0 | |
Science - Biology | 0 | 0 | 1 | 0 | -5 | 0.00 | 0 | 0 | |
Fine Arts - Painting and Sculpture | 0 | 0 | 1 | 0 | -5 | 0.00 | 0 | 0 |